| 000 | 01297cam a2200301 a 4500 | ||
|---|---|---|---|
| 999 |
_c20078 _d20078 |
||
| 001 | 4394099 | ||
| 005 | 20170118115244.0 | ||
| 008 | 920615s1993 enk b 001 0 eng | ||
| 010 | _a 92001733 | ||
| 020 | _a0521413451 | ||
| 040 |
_aDLC _cDLC _dDLC |
||
| 050 | 0 | 0 |
_aN6490 _b.K86 1993 |
| 100 | 1 |
_aKuspit, Donald B. _q(Donald Burton), _d1935- |
|
| 245 | 1 | 4 |
_aThe cult of the avant-garde artist / _cDonald Kuspit. |
| 260 |
_aCambridge ; _aNew York : _bCambridge University Press, _c1993. |
||
| 300 |
_a175 p. : _c23 cm. |
||
| 504 | _aIncludes bibliographical references (p. [114]-171) and index. | ||
| 650 | 0 |
_aAvant-garde (Aesthetics) _xHistory _y20th century. |
|
| 650 | 0 |
_aArt, Modern _y20th century. |
|
| 856 | 4 | 2 |
_3Publisher description _uhttp://www.loc.gov/catdir/description/cam025/92001733.html |
| 856 | 4 | 1 |
_3Table of contents _uhttp://www.loc.gov/catdir/toc/cam024/92001733.html |
| 942 |
_2lcc _cBOOKS _hN6490 .K86 1993 |
||